[Event "Klatov Bazar Besiny Cup 2018"]
[Site "Klatovy"]
[Date "2018.07.05"]
[Round "6"]
[White "Simet, Martin"]
[Black "Jelinek, Michal"]
[Result "1-0"]
[WhiteElo "2182"]
[BlackElo "2204"]
[Annotator "ChessBase"]
[PlyCount "127"]
[EventDate "2018.07.01"]
[EventType "swiss"]
[EventCountry "CZE"]
[SourceTitle "playchess.com"]
[Source "ChessBase"]
[SourceQuality "1"]
[TimeControl "40/7200:0"]

1. e4 {[%emt 0:00:00]} e5 {[%emt 0:00:59]} 2. Nf3 {[%emt 0:00:00]} Nc6 {[%emt 0:00:01]} 3. Bb5 {[%emt 0:00:00]} a6 {[%emt 0:00:00]} 4. Ba4 {[%emt 0:00:00]} Nf6 {[%emt 0:00:00]} 5. O-O {[%emt 0:00:00]} Be7 {[%emt 0:00:00]} 6. d3 {[%emt 0:00:00]} b5 {[%emt 0:01:56]} 7. Bb3 {[%emt 0:00:00]} d6 {[%emt 0:00:08]} 8. a3 {[%emt 0:02:19]} Na5 {[%emt 0:00:24]} 9. Ba2 {[%emt 0:00:00]} c5 {[%emt 0:00:09]} 10. Nc3 {[%emt 0:10:53]} Be6 {[%emt 0:00:19]} 11. Bg5 {[%emt 0:06:16]} O-O {[%emt 0:06:40]} 12. Qd2 {[%emt 0:07:14]} Nc6 {[%emt 0:09:44]} 13. Bxf6 {[%emt 0:33:35]} Bxf6 {[%emt 0:00:00]} 14. Nd5 {[%emt 0:00:00]} a5 {[%emt 0:11:23]} 15. c3 {[%emt 0:03:26]} b4 {[%emt 0:02:53]} 16. Bc4 {[%emt 0:03:50]} Rb8 {[%emt 0:09:37]} 17. axb4 {[%emt 0:02:37]} axb4 {[%emt 0:02:53]} 18. Ra6 {[%emt 0:03:14]} Bxd5 {[%emt 0:00:42]} 19. Bxd5 {[%emt 0:00:00]} Ne7 {[%emt 0:00:25]} 20. c4 {[%emt 0:00:00]} g6 {[%emt 0:17:17]} 21. Qc2 {[%emt 0:01:27]} Bg7 {[%emt 0:13:16]} 22. Qa4 {[%emt 0:00:53]} Bh6 {[%emt 0:04:19]} 23. Ra1 {[%emt 0:06:38]} Nc8 {[%emt 0:01:02]} 24. Qc6 {[%emt 0:05:10]} b3 {[%emt 0:04:17]} 25. h4 {[%emt 0:03:52]} Qe7 {[%emt 0:06:20]} 26. R1a5 {[%emt 0:06:20]} Bc1 {[%emt 0:01:42]} 27. Qa4 {[%emt 0:01:13]} Bxb2 {[%emt 0:09:06]} 28. Rb5 {[%emt 0:00:00]} Rxb5 {[%emt 0:01:25]} 29. cxb5 {[%emt 0:00:00]} Bd4 {[%emt 0:01:09]} 30. Qxb3 {[%emt 0:00:00]} c4 {[%emt 0:00:56]} 31. Bxc4 {[%emt 0:00:00]} Bb6 {[%emt 0:01:30]} 32. Qa2 {[%emt 0:04:36]} Kg7 {[%emt 0:01:17]} 33. Ra8 {[%emt 0:00:05]} h6 {[%emt 0:00:21]} 34. Bd5 {[%emt 0:02:51]} g5 {[%emt 0:00:26]} 35. g3 {[%emt 0:02:52]} g4 {[%emt 0:01:51]} 36. Nh2 {[%emt 0:00:31]} h5 {[%emt 0:00:00]} 37. Nf1 {[%emt 0:02:26]} Qf6 {[%emt 0:01:52]} 38. Qe2 {[%emt 0:01:38]} Ne7 {[%emt 0:00:53]} 39. Rxf8 {[%emt 0:00:00]} Kxf8 {[%emt 0:00:00]} 40. Bc4 {[%emt 0:00:00]} Ng6 {[%emt 0:00:01]} 41. Ne3 {[%emt 1:59:14]} Ne7 {[%emt 2:00:35]} 42. Kg2 {[%emt 0:00:00]} Qh6 {[%emt 0:00:44]} 43. Nf1 {[%emt 0:03:13]} Kg7 {[%emt 0:00:09]} 44. Nd2 {[%emt 0:00:00]} Ba5 {[%emt 0:00:07]} 45. Nf1 {[%emt 0:00:00]} Bb6 {[%emt 0:00:00]} 46. Ne3 {[%emt 0:01:07]} Kf8 {[%emt 0:00:00]} 47. Bb3 {[%emt 0:00:14]} Bc5 {[%emt 0:00:00]} 48. Nc4 {[%emt 0:00:00]} Nc8 {[%emt 0:00:13]} 49. Qd2 {[%emt 0:00:11]} Qf6 {[%emt 0:00:00]} 50. Bd1 {[%emt 0:00:00]} Kg7 {[%emt 0:00:25]} 51. f3 {[%emt 0:00:00]} Qg6 {[%emt 0:00:01]} 52. fxg4 {[%emt 0:00:00]} hxg4 {[%emt 0:00:00]} 53. Ne3 {[%emt 0:00:00]} Nb6 {[%emt 0:00:02]} 54. Nxg4 {[%emt 0:00:00]} f5 {[%emt 0:00:00]} 55. exf5 {[%emt 0:00:00]} Qxf5 {[%emt 0:00:00]} 56. Bf3 {[%emt 0:00:00]} d5 {[%emt 0:00:00]} 57. Qh6+ {[%emt 0:00:00]} Kf7 {[%emt 0:00:00]} 58. Qh8 {[%emt 0:00:33]} Ke6 {[%emt 0:00:00]} 59. Qh6+ {[%emt 0:00:00]} Kf7 {[%emt 0:00:00]} 60. Qh8 {[%emt 0:00:23]} Ke6 {[%emt 0:00:00]} 61. Qe8+ {[%emt 0:00:00]} Be7 {[%emt 0:00:00]} 62. Qc6+ {[%emt 0:00:00]} Bd6 {[%emt 0:00:00]} 63. Bxd5+ {[%emt 0:00:00]} Ke7 {[%emt 0:00:00]} 64. Ne3 {[%emt 0:00:00]} 1-0

[Event "Klatov Bazar Besiny Cup 2018"]
[Site "Klatovy"]
[Date "2018.07.05"]
[Round "6"]
[White "Kozak, Milos"]
[Black "Jurek, Josef"]
[Result "1/2-1/2"]
[WhiteElo "2156"]
[BlackElo "2277"]
[Annotator "NA"]
[PlyCount "45"]
[EventDate "2018.07.01"]
[EventType "swiss"]
[EventCountry "CZE"]
[SourceTitle "playchess.com"]
[Source "ChessBase"]
[SourceQuality "1"]
[TimeControl "40/7200:0"]

1. c4 Nf6 {[%emt 0:00:00]} 2. Nc3 {[%emt 0:00:00]} c5 {[%emt 0:00:00]} 3. Nf3 {[%emt 0:00:00]} b6 {[%emt 0:00:08]} 4. g3 {[%emt 0:00:00]} Bb7 {[%emt 0:00:00]} 5. Bg2 {[%emt 0:00:00]} g6 {[%emt 0:00:42]} 6. O-O {[%emt 0:00:00]} Bg7 {[%emt 0:00:00]} 7. d4 {[%emt 0:00:31]} cxd4 {[%emt 0:00:00]} 8. Qxd4 {[%emt 0:00:40]} d6 {[%emt 0:00:00]} 9. Rd1 {[%emt 0:04:07]} Nbd7 {[%emt 0:00:00]} 10. b3 {[%emt 0:07:09]} Rc8 {[%emt 0:09:51]} 11. Bb2 {[%emt 0:04:16]} O-O {[%emt 0:00:38]} 12. Qd2 {[%emt 0:06:30]} a6 {[%emt 0:02:10]} 13. Nd4 {[%emt 0:01:31]} Bxg2 {[%emt 0:02:43]} 14. Kxg2 {[%emt 0:00:00]} Qc7 {[%emt 0:00:02]} 15. e4 {[%emt 0:03:34]} Qb7 {[%emt 0:01:39]} 16. f3 {[%emt 0:08:28]} Rfd8 {[%emt 0:03:44]} 17. Nd5 {[%emt 0:05:22]} Kf8 {[%emt 0:03:34]} 18. Ne2 {[%emt 0:05:24]} e6 {[%emt 0:07:49]} 19. Nxf6 {[%emt 0:01:38]} Nxf6 {[%emt 0:00:00]} 20. Qf4 {[%emt 0:16:35]} Qe7 {[%emt 0:06:41]} 21. Rd2 {[%emt 0:04:14]} Ne8 {[%emt 0:06:21]} 22. Bxg7+ {[%emt 0:00:20]} Kxg7 {[%emt 0:00:05]} 23. Rad1 {[%emt 0:04:15]} 1/2-1/2

[Event "Klatov Bazar Besiny Cup 2018"]
[Site "Klatovy"]
[Date "2018.07.06"]
[Round "7"]
[White "Krzyzanowski, Marcin"]
[Black "Neuman, Petr"]
[Result "1-0"]
[WhiteElo "2473"]
[BlackElo "2432"]
[Annotator "ChessBase"]
[PlyCount "107"]
[EventDate "2018.07.01"]
[EventType "swiss"]
[EventCountry "CZE"]
[SourceTitle "playchess.com"]
[Source "ChessBase"]
[SourceQuality "1"]
[TimeControl "40/7200:0"]

1. e4 {[%emt 0:00:00]} e5 {[%emt 0:00:00]} 2. Nf3 {[%emt 0:00:00]} Nc6 {[%emt 0:00:00]} 3. Bb5 {[%emt 0:00:00]} Nf6 {[%emt 0:00:00]} 4. d3 {[%emt 0:00:00]} d6 {[%emt 0:00:41]} 5. c3 {[%emt 0:02:41]} Bd7 {[%emt 0:01:31]} 6. Nbd2 {[%emt 0:03:47]} g6 {[%emt 0:01:06]} 7. O-O {[%emt 0:00:52]} Bg7 {[%emt 0:00:00]} 8. Re1 {[%emt 0:00:48]} O-O {[%emt 0:00:00]} 9. Nf1 {[%emt 0:01:37]} Re8 {[%emt 0:13:34]} 10. a4 {[%emt 0:04:29]} a6 {[%emt 0:09:42]} 11. Bc4 {[%emt 0:01:58]} Be6 {[%emt 0:00:00]} 12. Bxe6 {[%emt 0:05:56]} Rxe6 {[%emt 0:00:00]} 13. Ne3 {[%emt 0:11:07]} Re8 {[%emt 0:09:50]} 14. Qb3 {[%emt 0:02:45]} Qd7 {[%emt 0:07:37]} 15. h3 {[%emt 0:00:19]} Rab8 {[%emt 0:18:56]} 16. Bd2 {[%emt 0:05:20]} Nd8 {[%emt 0:01:23]} 17. Nd5 {[%emt 0:02:23]} Ne6 {[%emt 0:00:59]} 18. Nxf6+ {[%emt 0:03:18]} Bxf6 {[%emt 0:00:40]} 19. Be3 {[%emt 0:00:00]} c6 {[%emt 0:01:21]} 20. d4 {[%emt 0:00:31]} exd4 {[%emt 0:00:00]} 21. cxd4 {[%emt 0:00:00]} d5 {[%emt 0:00:00]} 22. e5 {[%emt 0:01:09]} Bg7 {[%emt 0:00:00]} 23. Rad1 {[%emt 0:06:13]} f6 {[%emt 0:00:35]} 24. exf6 {[%emt 0:00:20]} Bxf6 {[%emt 0:00:00]} 25. Qd3 {[%emt 0:00:19]} Ng7 {[%emt 0:02:51]} 26. Nh2 {[%emt 0:08:30]} Nf5 {[%emt 0:03:13]} 27. Ng4 {[%emt 0:06:03]} Bg7 {[%emt 0:00:00]} 28. Bf4 {[%emt 0:00:25]} Rxe1+ {[%emt 0:00:00]} 29. Rxe1 {[%emt 0:00:00]} Re8 {[%emt 0:00:00]} 30. Ne5 {[%emt 0:02:53]} Qe7 {[%emt 0:00:00]} 31. Nf3 {[%emt 0:01:37]} Qf8 {[%emt 0:00:00]} 32. Rxe8 {[%emt 0:03:46]} Qxe8 {[%emt 0:00:00]} 33. Be5 {[%emt 0:01:00]} Qe7 {[%emt 0:06:46]} 34. g4 {[%emt 0:05:02]} Nh4 {[%emt 0:05:07]} 35. Nxh4 {[%emt 0:05:59]} Qxh4 {[%emt 0:00:00]} 36. Bxg7 {[%emt 0:04:21]} Kxg7 {[%emt 0:00:32]} 37. Qe3 {[%emt 0:00:00]} a5 {[%emt 0:14:46]} 38. Qe5+ {[%emt 0:03:28]} Qf6 {[%emt 0:00:38]} 39. Qc7+ {[%emt 0:01:20]} Kh6 {[%emt 0:00:00]} 40. Qxb7 {[%emt 0:01:08]} Qf3 {[%emt 0:05:13]} 41. Qxc6 {[%emt 2:01:59]} Qxh3 {[%emt 1:59:33]} 42. Qc1+ {[%emt 0:00:29]} Kg7 {[%emt 0:00:52]} 43. Qc7+ {[%emt 0:00:00]} Kf8 {[%emt 0:01:12]} 44. Qd8+ {[%emt 0:01:44]} Kg7 {[%emt 0:00:00]} 45. Qd7+ {[%emt 0:01:31]} Kf8 {[%emt 0:00:00]} 46. Qd6+ {[%emt 0:00:32]} Kg7 {[%emt 0:00:00]} 47. Qe5+ {[%emt 0:00:00]} Kh6 {[%emt 0:00:00]} 48. Qh2 {[%emt 0:06:50]} Qxh2+ {[%emt 0:00:00]} 49. Kxh2 {[%emt 0:00:00]} Kg5 {[%emt 0:00:14]} 50. Kg3 {[%emt 0:00:00]} h6 {[%emt 0:00:00]} 51. f4+ {[%emt 0:00:54]} Kf6 {[%emt 0:00:00]} 52. Kh4 {[%emt 0:00:00]} Ke6 {[%emt 0:00:03]} 53. f5+ {[%emt 0:01:34]} gxf5 {[%emt 0:01:20]} 54. g5 {[%emt 0:00:00]} 1-0

[Event "Klatov Bazar Besiny Cup 2018"]
[Site "Klatovy"]
[Date "2018.07.06"]
[Round "7"]
[White "Pulpan, Jakub"]
[Black "Bures, Jaroslav"]
[Result "0-1"]
[WhiteElo "2386"]
[BlackElo "2406"]
[Annotator "ChessBase"]
[PlyCount "66"]
[EventDate "2018.07.01"]
[EventType "swiss"]
[EventCountry "CZE"]
[SourceTitle "playchess.com"]
[Source "ChessBase"]
[SourceQuality "1"]
[TimeControl "40/7200:0"]

1. e4 {[%emt 0:00:00]} c6 {[%emt 0:00:00]} 2. d4 {[%emt 0:00:00]} d5 {[%emt 0:00:00]} 3. e5 {[%emt 0:00:00]} Bf5 {[%emt 0:00:00]} 4. Nf3 {[%emt 0:00:00]} e6 {[%emt 0:00:00]} 5. Be2 {[%emt 0:00:00]} c5 {[%emt 0:00:00]} 6. Be3 {[%emt 0:00:00]} Qb6 {[%emt 0:00:00]} 7. Nc3 {[%emt 0:00:00]} Nc6 {[%emt 0:00:00]} 8. O-O {[%emt 0:00:00]} Qxb2 {[%emt 0:00:00]} 9. Qe1 {[%emt 0:00:00]} cxd4 {[%emt 0:00:00]} 10. Bxd4 {[%emt 0:00:00]} Nxd4 {[%emt 0:00:00]} 11. Nxd4 {[%emt 0:00:00]} Bb4 {[%emt 0:00:00]} 12. Ndb5 {[%emt 0:03:05]} Ba5 {[%emt 0:00:00]} 13. Rb1 {[%emt 0:02:01]} Qxc2 {[%emt 0:00:00]} 14. Rc1 {[%emt 0:00:29]} Qb2 {[%emt 0:00:00]} 15. Qd1 {[%emt 0:01:32]} Kf8 {[%emt 0:06:57]} 16. Bd3 {[%emt 0:14:30]} Bxc3 {[%emt 0:13:06]} 17. Nxc3 {[%emt 0:10:12]} Ne7 {[%emt 0:00:08]} 18. Rc2 {[%emt 0:07:43]} Qb4 {[%emt 0:05:57]} 19. Qe2 {[%emt 0:15:32]} Bxd3 {[%emt 0:17:02]} 20. Qxd3 {[%emt 0:00:00]} Nc6 {[%emt 0:00:00]} 21. Rb1 {[%emt 0:09:20]} Qe7 {[%emt 0:00:00]} 22. Qg3 {[%emt 0:01:26]} h5 {[%emt 0:04:26]} 23. Nb5 {[%emt 0:04:31]} h4 {[%emt 0:00:00]} 24. Qe3 {[%emt 0:00:19]} f6 {[%emt 0:09:42]} 25. f4 {[%emt 0:02:44]} fxe5 {[%emt 0:03:03]} 26. fxe5 {[%emt 0:00:26]} Rh5 {[%emt 0:03:09]} 27. Nd6 {[%emt 0:04:49]} Nxe5 {[%emt 0:00:00]} 28. Nc8 {[%emt 0:05:29]} Qd8 {[%emt 0:12:20]} 29. Nxa7 {[%emt 0:04:45]} d4 {[%emt 0:10:26]} 30. Qb3 {[%emt 0:02:35]} d3 {[%emt 0:05:19]} 31. Rf2+ {[%emt 0:05:04]} Rf5 {[%emt 0:00:00]} 32. Rbf1 {[%emt 0:00:46]} Qd7 {[%emt 0:00:41]} 33. Qc3 {[%emt 0:01:21]} Rxf2 {[%emt 0:03:56]} 0-1

[Event "Klatov Bazar Besiny Cup 2018"]
[Site "Klatovy"]
[Date "2018.07.06"]
[Round "7"]
[White "Simek, Petr"]
[Black "Eret, Matous"]
[Result "1-0"]
[WhiteElo "2354"]
[BlackElo "2184"]
[Annotator "NA"]
[PlyCount "99"]
[EventDate "2018.07.01"]
[EventType "swiss"]
[EventCountry "CZE"]
[SourceTitle "playchess.com"]
[Source "ChessBase"]
[SourceQuality "1"]
[TimeControl "40/7200:0"]

1. d4 {[%emt 0:00:00]} c5 {[%emt 0:00:00]} 2. d5 {[%emt 0:00:00]} e5 {[%emt 0:00:00]} 3. e4 {[%emt 0:00:46]} d6 {[%emt 0:00:00]} 4. Nc3 {[%emt 0:00:16]} Nf6 {[%emt 0:00:00]} 5. Bb5+ {[%emt 0:00:07]} Nbd7 {[%emt 0:01:01]} 6. a4 {[%emt 0:00:00]} a6 {[%emt 0:01:14] A44: Semi-Benoni} 7. Bd3 {[%emt 0:02:01]} b6 {[%emt 0:00:46]} 8. Nf3 {[%emt 0:01:20]} g6 $146 {[%emt 0:07:00]} ({Predecessor:} 8... Be7 9. O-O Nf8 10. Nd2 Ng6 11. Nc4 O-O 12. a5 Nd7 13. axb6 Nxb6 14. Na5 Qc7 15. Qe2 {½-½ (15) Kuznetsov,G (2310)-Kharous,E (2371) Ekaterinburg 2007}) 9. h3 {[%emt 0:03:49]} Bg7 {[%emt 0:09:21]} 10. Be3 {[%emt 0:00:28]} Qc7 {[%emt 0:02:03]} 11. Qe2 {[%emt 0:12:50]} Nh5 {[%emt 0:01:18]} 12. g3 {[%emt 0:00:00]} O-O {[%emt 0:05:32]} 13. Nh4 {[%emt 0:01:49]} Ndf6 {[%emt 0:19:14]} 14. Kf1 {[%emt 0:08:23]} ({White should try} 14. Ng2 $16) 14... Bb7 {[%emt 0:03:20]} 15. Kg1 {[%emt 0:02:19]} Rfc8 {[%emt 0:02:58]} 16. Bc4 {[%emt 0:02:22]} Qe7 {[%emt 0:09:31]} 17. Kh2 {[%emt 0:02:06]} h6 {[%emt 0:02:55]} 18. Rhg1 {[%emt 0:04:32]} Re8 {[%emt 0:05:28]} 19. Rae1 {[%emt 0:17:44]} Bc8 {[%emt 0:02:36]} 20. Bd2 {[%emt 0:03:58]} Qd7 {[%emt 0:09:20]} 21. Qf1 {[%emt 0:00:00]} Nh7 {[%emt 0:00:00]} 22. Be2 {[%emt 0:02:26]} N5f6 {[%emt 0:02:55]} 23. Nf3 {[%emt 0:09:24]} Rf8 {[%emt 0:02:03]} 24. Rb1 {[%emt 0:04:13]} Ne8 {[%emt 0:00:25]} 25. g4 {[%emt 0:01:16]} Nc7 {[%emt 0:04:02]} 26. b4 {[%emt 0:02:40]} Kh8 {[%emt 0:02:51]} 27. bxc5 {[%emt 0:00:25]} bxc5 {[%emt 0:00:00]} 28. Rb6 {[%emt 0:01:21]} Qe7 {[%emt 0:00:00]} 29. Qc1 {[%emt 0:02:11]} g5 {[%emt 0:04:56]} 30. Be3 {[%emt 0:04:23]} Nf6 {[%emt 0:00:22]} 31. Nd2 {[%emt 0:00:25]} Nd7 {[%emt 0:00:00]} 32. Rb3 {[%emt 0:00:00]} Rd8 {[%emt 0:00:13]} 33. Nc4 {[%emt 0:00:00]} Nf8 {[%emt 0:00:03]} 34. Rb6 {[%emt 0:08:13]} Ne8 {[%emt 0:01:05]} 35. Bd1 {[%emt 0:02:32]} Ng6 {[%emt 0:00:38]} 36. Ne2 {[%emt 0:00:00]} Nf4 {[%emt 0:00:26]} 37. Ng3 $16 {[%emt 0:00:00]} Nf6 {[%emt 0:02:49]} 38. Bf3 {[%emt 0:02:03]} h5 {[%emt 0:02:03]} 39. Bxf4 {[%emt 0:04:25]} gxf4 {[%emt 0:02:28]} 40. Nf5 {[%emt 0:00:10]} Bxf5 {[%emt 0:00:00]} 41. gxf5 {[%emt 1:59:35]} Bh6 {[%emt 1:59:50]} 42. Qb2 {[%emt 0:00:37]} Rg8 {[%emt 0:00:07]} 43. Rxd6 {[%emt 0:00:28]} Rxg1 {[%emt 0:00:59]} 44. Kxg1 {[%emt 0:00:00]} Rg8+ {[%emt 0:00:32]} 45. Kf1 {[%emt 0:00:00]} Bg7 {[%emt 0:00:00]} 46. Qxe5 {[%emt 0:01:21]} Qxe5 {[%emt 0:01:38]} 47. Nxe5 {[%emt 0:00:00]} Rf8 {[%emt 0:00:03]} 48. Rd8 {[%emt 0:02:38]} Kg8 {[%emt 0:00:00]} 49. Rxf8+ {[%emt 0:00:00]} Kxf8 {[%emt 0:00:00]} 50. Nd3 {[%emt 0:00:00]} 1-0

[Event "Klatov Bazar Besiny Cup 2018"]
[Site "Klatovy"]
[Date "2018.07.06"]
[Round "7"]
[White "Hollan, Martin"]
[Black "Slovak, Kilian"]
[Result "1/2-1/2"]
[WhiteElo "2341"]
[BlackElo "2285"]
[Annotator "NA"]
[PlyCount "52"]
[EventDate "2018.07.01"]
[EventType "swiss"]
[EventCountry "CZE"]
[SourceTitle "playchess.com"]
[Source "ChessBase"]
[SourceQuality "1"]
[TimeControl "40/7200:0"]

{[%evp 10,35,39,37,32767,32767,45,32767,43,45,35,32767,54,15,35,0,0,-34,-32,-91,-97,-78,-114,-133,-84,-140,-160,-190]} 1. d4 {[%emt 0:00:20]} Nf6 {[%emt 0:00:00]} 2. c4 {[%emt 0:00:00]} g6 {[%emt 0:00:00]} 3. Nc3 {[%emt 0:00:00]} Bg7 {[%emt 0:00:00]} 4. e4 {[%emt 0:00:00]} d6 {[%emt 0:00:00]} 5. Nf3 {[%emt 0:00:00]} O-O {[%emt 0:00:00]} 6. h3 {[%emt 0:00:00]} e5 {[%emt 0:00:00]} 7. d5 {[%emt 0:00:00]} Nh5 {[%emt 0:00:44]} 8. g3 {[%emt 0:02:20] E90: King's Indian: Classical: Early deviations and 6 h3} a5 {[%emt 0:07:39] LiveBook: 93 Games} 9. Be2 {[%emt 0:00:43]} Na6 {[%emt 0:00:58]} 10. Bg5 {[%emt 0:00:00]} Qe8 {[%emt 0:01:55]} 11. Nh4 $146 {[%emt 0:03:50]} ({Predecessor:} 11. Nd2 Nc5 12. Be3 f6 13. Bxc5 dxc5 14. Bxh5 gxh5 15. g4 Qg6 {1-0 (32) Tomashevsky,E (2744)-Yuffa,D (2504) Doha 2015}) 11... Nf6 {[%emt 0:06:49]} 12. Qd2 {[%emt 0:00:41]} Nc5 {[%emt 0:03:17]} 13. Bf3 {[%emt 0:00:59]} Bd7 {[%emt 0:10:59]} 14. g4 {[%emt 0:07:24]} (14. Rd1 $11) 14... b5 {[%emt 0:07:45]} 15. cxb5 {[%emt 0:07:16]} Bxb5 {[%emt 0:01:57]} 16. Rg1 {[%emt 0:01:57]} Kh8 {[%emt 0:09:49]} 17. O-O-O {[%emt 0:21:33]} Rb8 {[%emt 0:14:44]} 18. Qc2 $19 {[%emt 0:10:18]} Bc4 {[%emt 0:06:29]} 19. Ng2 {[%emt 0:02:58]} Rb4 {[%emt 0:15:10]} 20. h4 {[%emt 0:06:36]} Qb8 {[%emt 0:05:53]} 21. h5 {[%emt 0:02:37]} h6 {[%emt 0:00:37]} 22. Be3 {[%emt 0:00:25]} Nfd7 {[%emt 0:04:57]} 23. g5 {[%emt 0:03:01]} Bb3 {[%emt 0:08:04]} 24. Qe2 {[%emt 0:24:35]} Bc4 {[%emt 0:02:02]} 25. Qc2 {[%emt 0:00:00]} Bb3 {[%emt 0:00:00]} 26. Qe2 {[%emt 0:00:00]} Bc4 {[%emt 0:00:19]} 1/2-1/2

[Event "Klatov Bazar Besiny Cup 2018"]
[Site "Klatovy"]
[Date "2018.07.06"]
[Round "7"]
[White "Vyprachticky, David"]
[Black "Straka, Vojtech"]
[Result "1/2-1/2"]
[WhiteElo "2301"]
[BlackElo "2379"]
[Annotator "NA"]
[PlyCount "143"]
[EventDate "2018.07.01"]
[EventType "swiss"]
[EventCountry "CZE"]
[SourceTitle "playchess.com"]
[Source "ChessBase"]
[SourceQuality "1"]
[TimeControl "40/7200:0"]

1. d4 {[%emt 0:00:00] CB} Nf6 {[%emt 0:01:31]} 2. Nf3 {[%emt 0:00:00]} e6 {[%emt 0:00:33]} 3. c4 {[%emt 0:00:00]} c5 {[%emt 0:00:00]} 4. Nc3 {[%emt 0:00:00]} d5 {[%emt 0:17:40]} 5. cxd5 {[%emt 0:00:00]} Nxd5 {[%emt 0:00:00]} 6. e4 {[%emt 0:00:00]} Nxc3 {[%emt 0:00:00]} 7. bxc3 {[%emt 0:00:00]} cxd4 {[%emt 0:00:00]} 8. cxd4 {[%emt 0:00:00]} Bb4+ {[%emt 0:00:00]} 9. Bd2 {[%emt 0:00:00]} Bxd2+ {[%emt 0:00:00]} 10. Qxd2 {[%emt 0:00:00]} O-O {[%emt 0:00:00]} 11. Rc1 {[%emt 0:00:00]} Nc6 {[%emt 0:06:17] D41: Damengambit (Verbesserte Tarrasch-Verteidigung)} 12. Be2 {[%emt 0:03:16]} Qb6 {[%emt 0:05:41]} 13. O-O {[%emt 0:07:23]} Rd8 {[%emt 0:01:36] LiveBook: 3 Games} 14. Rc4 {[%emt 0:03:34]} Bd7 {[%emt 0:19:46]} 15. Bd3 {[%emt 0:10:42]} Qa5 {[%emt 0:14:32]} 16. Qb2 {[%emt 0:08:51] [#]} Be8 $146 {[%emt 0:06:36]} ({Vorgänger:} 16... Rac8 17. Rfc1 Nb4 18. Bf1 Nc6 19. Rc5 {1-0 (38) Ivanchuk,V (2739)-Ganguly,S (2619) Caleta 2014 CBM 159 [CB]}) 17. Rfc1 {[%emt 0:09:05]} Rab8 {[%emt 0:14:25]} 18. R1c3 {[%emt 0:12:56]} Qh5 {[%emt 0:06:43]} 19. Rc5 {[%emt 0:08:04]} Qh6 {[%emt 0:00:00]} 20. d5 {[%emt 0:10:52]} exd5 {[%emt 0:00:39]} 21. exd5 {[%emt 0:00:00]} Ne7 {[%emt 0:00:00]} 22. R3c4 {[%emt 0:02:07]} Rxd5 {[%emt 0:09:20]} 23. Rxd5 {[%emt 0:00:00]} Nxd5 {[%emt 0:00:00]} 24. Rh4 {[%emt 0:00:00]} Qf6 {[%emt 0:00:00]} 25. Bxh7+ {[%emt 0:00:00]} Kf8 {[%emt 0:00:00]} 26. Qa3+ {[%emt 0:00:09]} Qe7 {[%emt 0:00:00]} 27. Qxa7 {[%emt 0:01:07]} Rc8 {[%emt 0:00:21]} 28. g3 {[%emt 0:07:22]} g6 {[%emt 0:02:49]} 29. Qd4 {[%emt 0:04:33]} Nf6 {[%emt 0:00:38]} 30. Rf4 {[%emt 0:01:24]} Kg7 {[%emt 0:00:00]} 31. g4 {[%emt 0:00:28]} Kxh7 {[%emt 0:04:03]} 32. Rxf6 {[%emt 0:00:24]} Rc1+ {[%emt 0:00:40]} 33. Kg2 {[%emt 0:01:18]} Bc6 {[%emt 0:00:00]} 34. Qf4 {[%emt 0:01:25]} Bxf3+ {[%emt 0:01:16]} 35. Qxf3 {[%emt 0:00:07]} Rc7 {[%emt 0:00:00]} 36. Qf4 {[%emt 0:02:26]} Kg8 {[%emt 0:00:58]} 37. Rd6 {[%emt 0:04:20]} Rd7 {[%emt 0:00:24]} 38. Rd4 {[%emt 0:01:42]} Rxd4 {[%emt 0:00:25]} 39. Qxd4 {[%emt 0:00:00]} g5 {[%emt 0:00:00]} 40. Qd5 {[%emt 0:00:01]} Kg7 {[%emt 0:00:00]} 41. a4 {[%emt 2:04:51]} f6 {[%emt 1:59:35]} 42. a5 {[%emt 0:00:00]} Qc7 {[%emt 0:00:00]} 43. h3 {[%emt 0:02:08]} Qe7 {[%emt 0:00:00]} 44. h4 {[%emt 0:00:42]} gxh4 {[%emt 0:00:00]} 45. Kh3 {[%emt 0:00:20]} Qc7 {[%emt 0:00:00]} 46. Qf5 {[%emt 0:01:12]} Qc6 {[%emt 0:00:51]} 47. Kxh4 {[%emt 0:00:14]} Qg2 {[%emt 0:00:01]} 48. Qf4 {[%emt 0:00:00]} Qh1+ {[%emt 0:00:00]} 49. Kg3 {[%emt 0:00:00]} Qg1+ {[%emt 0:00:00]} 50. Kf3 {[%emt 0:00:00]} Qd1+ {[%emt 0:00:00]} 51. Kg2 {[%emt 0:00:00]} Qd5+ {[%emt 0:00:00]} 52. Qf3 {[%emt 0:00:00]} Qxa5 {[%emt 0:00:00]} 53. Qxb7+ {[%emt 0:00:00]} Kf8 {[%emt 0:00:00]} 54. Qf3 {[%emt 0:00:00]} Kg7 {[%emt 0:00:00]} 55. Qe3 {[%emt 0:00:05]} Qd5+ {[%emt 0:00:00]} 56. f3 {[%emt 0:00:00]} Kf7 {[%emt 0:00:00]} 57. Qf4 {[%emt 0:00:36]} Qc5 {[%emt 0:00:00]} 58. Qe4 {[%emt 0:00:00]} Kg7 {[%emt 0:00:00]} 59. f4 {[%emt 0:00:11]} Qd6 {[%emt 0:00:00]} 60. Kg3 {[%emt 0:00:59]} Qc5 {[%emt 0:00:00]} 61. Kg2 {[%emt 0:00:00]} Qd6 {[%emt 0:00:00]} 62. Kh3 {[%emt 0:00:00]} Qc5 {[%emt 0:00:00]} 63. Qe6 {[%emt 0:00:37]} Qc7 {[%emt 0:00:00]} 64. Qe4 {[%emt 0:00:14]} Qc5 {[%emt 0:00:00]} 65. Qb7+ {[%emt 0:01:09]} Kf8 {[%emt 0:00:00]} 66. Qe4 {[%emt 0:01:28]} Kg7 {[%emt 0:00:00]} 67. f5 {[%emt 0:00:46]} Qc3+ {[%emt 0:00:00]} 68. Kh4 {[%emt 0:00:00]} Qc7 {[%emt 0:00:00]} 69. Kh3 {[%emt 0:00:02]} Qc3+ {[%emt 0:00:00]} 70. Kg2 {[%emt 0:00:02]} Qd2+ {[%emt 0:00:00]} 71. Kg3 {[%emt 0:00:00]} Qc3+ {[%emt 0:00:00]} 72. Kg2 {[%emt 0:00:00]} 1/2-1/2